000 00648nam a22002175i 4500
001 173608
003 ES-MaACL
005 20230906215304.0
008 091214s1973 xxu |||| | eng d
020 _a0-393-09235-5
080 _a32(44)
080 _a316.65(44)
100 1 _aHayward, Jack Ernest Shalom.
_9141789
245 1 3 _aThe one and indivisible French Republic /
_cJack Hayward.
250 _a1st American ed.
260 _aNew York :
_bNorton,
_c1973.
300 _a306 p. ;
_c22 cm.
650 4 _aOpinión pública-
_zFrancia.
_9141791
651 4 _aFrancia-
_xPolítica y gobierno-
_y1958-
_9141790
852 _aES-MaACL
_jE-13195
999 _c173608
_d173608